<?xml version="1.0" encoding="UTF-8"?>
<marc:record xmlns:marc="http://www.loc.gov/MARC21/slim">
   <marc:leader>00000nam a2200000 a 4500</marc:leader>
   <marc:datafield ind1="1" ind2=" " tag="100">
      <marc:subfield code="a">Morpurgo, Michael</marc:subfield>
      <marc:subfield code="4">aut</marc:subfield>
      <marc:subfield code="e">Verfasser/-in</marc:subfield>
   </marc:datafield>
   <marc:datafield ind1="0" ind2="0" tag="245">
      <marc:subfield code="a">Mein Bruder Charlie</marc:subfield>
   </marc:datafield>
   <marc:datafield ind1="0" ind2="0" tag="245">
      <marc:subfield code="c">Michael Morpurgo. Aus dem Engl. von Klaus Fritz</marc:subfield>
   </marc:datafield>
   <marc:datafield ind1=" " ind2="1" tag="264">
      <marc:subfield code="a">Hamburg</marc:subfield>
      <marc:subfield code="b">Carlsen</marc:subfield>
      <marc:subfield code="c">2007</marc:subfield>
   </marc:datafield>
   <marc:datafield ind1="1" ind2=" " tag="520">
      <marc:subfield code="a">Angaben aus der Verlagsmeldung

Mein Bruder Charlie / von Michael Morpurgo

Sein ganzes Leben hat Thomas mit Charlie an seiner Seite verbracht. Charlie ist nicht nur sein Bruder und Freund, sondern seit dem frühen Tod des Vaters auch sein Beschützer. Gemeinsam wachsen sie in einem kleinen englischen Dorf auf, fischen, schwimmen und prügeln sich füreinander. Zusammen mit ihrer Freundin Molly durchstreifen sie Sommer für Sommer die Flussauen und Wälder, und die Zeit scheint sich unendlich vor ihnen auszudehnen.
Sogar als sich beide Brüder in Molly verlieben, bleibt ihre Verbundenheit bestehen.
Nicht einmal der erste Weltkrieg kann die beiden Brüder trennen: als Charlie in die Armee muss, meldet Thomas sich freiwillig und folgt ihm in die belgischen Schützengräben.
Aber hier kann Charlie nicht einmal sich selber schützen...
</marc:subfield>
   </marc:datafield>
   <marc:datafield ind1=" " ind2=" " tag="020">
      <marc:subfield code="a">9783551581341</marc:subfield>
      <marc:subfield code="9">9783551581341</marc:subfield>
   </marc:datafield>
   <marc:datafield ind1=" " ind2=" " tag="020">
      <marc:subfield code="a">3551581347</marc:subfield>
      <marc:subfield code="9">3551581347</marc:subfield>
   </marc:datafield>
   <marc:datafield ind1=" " ind2=" " tag="300">
      <marc:subfield code="a">188 S.</marc:subfield>
   </marc:datafield>
</marc:record>
